Loading...
Science - Biology | 1 | 4 | 1 | 1 | 50 | 63 | 91.60 | 1 | 4 |
Literature - European Literature | 1 | 2 | 0 | 0 | 35 | 81 | 95.33 | 0 | 3 |
Philosophy | 1 | 2 | 0 | 0 | 35 | 48 | 67.00 | 1 | 3 |
Literature - British Literature | 1 | 2 | 0 | 0 | 35 | 55 | 82.00 | 1 | 2 |
Fine Arts - Visual Fine Arts | 1 | 2 | 1 | 1 | 30 | 57 | 92.33 | 0 | 2 |
History - American History | 0 | 3 | 0 | 0 | 30 | 69 | 89.00 | 1 | 2 |
Literature - American Literature | 0 | 3 | 0 | 0 | 30 | 78 | 103.33 | 1 | 3 |
World and Other Literature | 0 | 3 | 1 | 0 | 25 | 74 | 103.00 | 2 | 2 |
Social Science | 0 | 3 | 1 | 0 | 25 | 80 | 95.33 | 0 | 3 |
Science - Chemistry | 0 | 2 | 0 | 0 | 20 | 83 | 105.50 | 0 | 2 |
Other Science: Astronomy | 0 | 2 | 0 | 0 | 20 | 77 | 84.00 | 2 | 2 |
Beliefs | 1 | 0 | 0 | 0 | 15 | 69 | 69.00 | 1 | 1 |
Ancient History and Archaeology | 1 | 0 | 0 | 0 | 15 | 72 | 72.00 | 1 | 1 |
History - World History | 0 | 1 | 0 | 0 | 10 | 90 | 90.00 | 0 | 1 |
Fine Arts - Auditory Fine Arts | 0 | 1 | 0 | 0 | 10 | 132 | 132.00 | 0 | 0 |
Other Arts: Visual | 0 | 1 | 0 | 0 | 10 | 125 | 125.00 | 0 | 0 |
Other Science: Earth Science | 0 | 0 | 1 | 0 | -5 | 0.00 | 0 | 0 |